Civilní exekuce, konkurs a vyrovnání

Gespeichert in:
Bibliographische Detailangaben
1. Verfasser: Winterová, Alena
Format: Buch
Sprache:Tschechisch
Veröffentlicht: Praha Aleko 1992
Schriftenreihe:Prameny a nové proudy právní vědy
Schlagworte:
Tags: Tag hinzufügen
Keine Tags, Fügen Sie das erste Tag hinzu!

MARC

LEADER 00000nam a2200000 4500
001 c002360
005 20250929124039.4
020 |a 80-85341-29-8 
041 0 |a cze 
044 |a CZ 
245 1 0 |a Civilní exekuce, konkurs a vyrovnání  |c Alena Winterová a kol. 
264 1 |a Praha  |b Aleko  |c 1992 
300 |a 112 s. 
490 1 |a Prameny a nové proudy právní vědy 
830 0 |a Prameny a nové proudy právní vědy 
610 2 0 |a bankrot 
610 2 0 |a konkurzy 
610 2 0 |a predpisy právne 
610 2 0 |a exekútori 
100 1 |a Winterová, Alena